Statistics for Most Populous Countries

Click here to take the quiz!

General Stats

  • This quiz has been taken 15 times
  • The average score is 41 of 50

Answer Stats

#Answer% Correct
6.Brazil
100%
1.China
100%
2.India
100%
4.Indonesia
100%
11.Japan
100%
10.Mexico
100%
7.Nigeria
100%
5.Pakistan
100%
9.Russia
100%
25.South Africa
100%
32.Argentina
93%
38.Canada
93%
14.Egypt
93%
19.Germany
93%
18.Iran
93%
36.Iraq
93%
27.Kenya
93%
17.Turkey
93%
3.United States
93%
29.Colombia
86%
22.France
86%
23.Italy
86%
42.Peru
86%
13.Philippines
86%
28.South Korea
86%
30.Spain
86%
21.UK
86%
43.Uzbekistan
86%
15.Vietnam
86%
37.Afghanistan
79%
12.Ethiopia
79%
39.Poland
79%
41.Saudi Arabia
79%
24.Tanzania
79%
33.Algeria
71%
16.DRC
71%
45.Malaysia
71%
40.Morocco
71%
34.Sudan
71%
20.Thailand
71%
35.Ukraine
71%
50.Venezuela
71%
44.Angola
64%
8.Bangladesh
64%
46.Mozambique
64%
47.Ghana
57%
26.Myanmar
57%
31.Uganda
57%
48.Yemen
57%
49.Nepal
50%

Score Distribution

Percentile by Number Answered

Percent of People with Each Score

Your Score History

You have not taken this quiz